Slovenian 2010s Music Quiz: Name the Artist - Statistics

General Stats
  • This quiz has been taken 19 times
  • The average score is 9 of 30
Answer Stats
Song Release Date Artist % Correct
Tivoli 2015 Magnifico
81%
Ledena 2015 Siddharta
81%
Normalen 2018 Big Foot Mama
69%
Omamljeno telo 2017 Joker Out
63%
Istrijanko ružo moja 2018 Luka Basi
56%
Sladka kot med 2011 Mi2
56%
Klic 2016 MRFY
50%
Moje oči plave 2014 Ines Erbus
38%
Fse 2017 Nika Zorjan
38%
Vrhovi 2016 Neisha
31%
Slađana 2018 Senidah
31%
Vse se da 2018 Vlado Kreslin
31%
S teboi 2018 zalagasper
31%
Na kožo pisana 2014 Eva Boto
25%
Ti boš vedno prvi 2017 Helena Blagne
25%
V dvoje 2019 Lea Sirk
25%
Nekaj več 2017 Šank Rock
25%
Hej, ti! 2015 Omar Naber
19%
Zlaži se mi 2013 Alya
13%
Moj pepi 2010 Ansambel Roka Žlindre
13%
Kako si lepa 2017 Klemen Slakonja
13%
Tako lepo mi je 2011 Maja Keuc
13%
Propala veza 2016 Nina Donelli
13%
Sijaj 2017 Raiven
13%
Še verjamem 2019 Rebeka Dremelj
13%
Mars in Venera 2013 Tinkara Kovač
13%
Diham zate 2019 Vili Resnik
13%
Spet živ 2016 D Base
6%
Naj mi dež napolni dlan 2018 Nuša Derenda
6%
Ljudje 2018 Tanja Ribič
6%
No matching quizzes found
Score Distribution
Percent of People with Each Score
Percentile by Number Answered
Your Score History
You have not taken this quiz